|
|
|
|
| LEADER |
00736cam a2200217 7i4500 |
| 001 |
0000076869 |
| 005 |
20230403090000.0 |
| 020 |
|
|
|a 0691018294 (paperback)
|
| 090 |
0 |
0 |
|a NA4170
|b .P49 1976
|
| 100 |
1 |
|
|a Pevsner, Nikolaus
|
| 245 |
1 |
2 |
|a A history of building types
|c Nikolaus Pevsner.
|
| 264 |
|
|
|a Princeton, N.J.:
|b Princeton University Press,
|c 1976.
|
| 300 |
|
|
|a 352 pages:
|b illustrations;
|c 29 cm.
|
| 336 |
|
|
|a text
|2 rdacontent
|
| 337 |
|
|
|a unmediated
|2 rdamedia
|
| 338 |
|
|
|a volume
|2 rdacarrier
|
| 490 |
0 |
|
|a A. W. Mellon lectures in the fine arts
|
| 490 |
0 |
|
|a Bollingen series;
|v 35
|
| 500 |
|
|
|a Gift: Prof. Dr. Md Sidin bin Ahmad Ishak
|
| 650 |
|
0 |
|a Public buildings
|
| 999 |
|
|
|a 0000072324
|b BOK
|c OPEN SHELF
|e 1st Floor, Bestari Jaya
|